000 00775nam a2200229 i 4500
001 124913
003 ES-MaACL
005 20230906192524.0
007 t|
008 070424s1915 sp d |||| | spa d
080 _a369(460)
100 1 _aBona Linares, Félix de.
_930048
245 1 3 _aEl seguro de vida obrero /
_cpor Félix Bona Linares.
250 _a2ª ed.
260 _aMadrid :
_b[s.n.],
_c1915 (
_fImp. de la Sucesora de M. Minuesa de los Ríos)
300 _a59 p., [2] h. de gráf. ;
_c21 cm.
490 1 _aPublicaciones del Instituto Nacional de Previsión ;
_v48
650 _aSeguridad social-
_zEspaña.
_917023
830 0 _aPublicaciones del Instituto Nacional de Previsión ;
_v48
_9181151
852 _aES-MaACL
_jC-12646(1)
999 _c124913
_d124913